00629nam a2200169 a 450000100100000000500170001000800410002702000150006804000250008324501150010825000120022326000380023530000210027370000430029495201050033799900170044200004007820201002033914.0130806s1981 sp 000 0 spa d a8431613157 aDO-SdBNPbspacBNPHU00aAntología de la literatura española :bsiglos X-XX /cintroducción y selección por Martín de Riquer. a7a. ed. aBarcelona :bVicens-Vives,c1981. a281 p. ;c25 cm.1 aRiquer, Martí de,d1914-eed.966336 001050718MOaGRbGRcCTd2013-08-06iLF1l0o p40078-10r2020-06-25w2020-06-25y1ZNo se presta c39568d39568